Resolución técnica 54. Normas Contables Profesionales: Norma Unificada Argentina de Contabilidad (Introducción y Primera Parte). (Registro nro. 12786)
[ vista simple ]
| 000 -LEADER | |
|---|---|
| fixed length control field | 00391 a2200109 4500 |
| 001 - CONTROL NUMBER | |
| control field | ART_57075 |
| 005 - DATE AND TIME OF LATEST TRANSACTION | |
| control field | 20260410161635.0 |
| 008 - FIXED-LENGTH DATA ELEMENTS--GENERAL INFORMATION | |
| fixed length control field | 260409a |
| 100 1# - MAIN ENTRY--PERSONAL NAME | |
| Personal name | Suardi, Diana |
| 245 10 - TITLE STATEMENT | |
| Title | Resolución técnica 54. Normas Contables Profesionales: Norma Unificada Argentina de Contabilidad (Introducción y Primera Parte). |
| 773 0# - HOST ITEM ENTRY | |
| Title | Enfoques |
| Related parts | - N° 9 (sep. 2022) |
| Record control number | REV416 |
No hay ítems disponibles.